000 00714nam a2200193 i 4500
001 189859
003 ES-MaACL
005 20251005063142.0
008 191212s1968 sp |||| | spa d
100 0 _aCándido de Viñayo,
_c(O.F.M. Cap.)
_934466
245 1 0 _aCelebraciones bíblico eucarísticas
_b: lectura comentarios y preces para la exposición del Santísimo Sacramento /
_cCándido de Viñayo.
260 _aMadrid :
_bStvdivm,
_c[1968]
300 _a194 p. ;
_c18 cm.
490 1 _aColección "Liturgia". Serie B ;
_v18
650 4 _aEucaristía-
_xLiturgia.
_9163227
830 0 _aColección "Liturgia". Serie B ;
_v18
_9193441
852 _aES-MaACL
_jP-1182-7
999 _c189859
_d189859